| 000 | 00756nam a22002417a 4500 | ||
|---|---|---|---|
| 005 | 20170124110032.0 | ||
| 010 | _aA-423319 | ||
| 020 | _c00.00 | ||
| 035 | _aA-423319 | ||
| 037 | _bCen Lib/Ret | ||
| 040 |
_aDPL _bEN |
||
| 082 |
_a370.19346 _bMOO |
||
| 100 |
_aMoonis Raza _910348 |
||
| 245 |
_aSchooling and rural transformation / _cby Moonis Raza [and] H Ramachandran |
||
| 260 |
_aNew Delhi _bVikas Publishing House _c1990 |
||
| 270 |
_a576, Masjid Road, Janpura _bNew Delhi _e110014 |
||
| 300 |
_a153p. : _c21cm(Hb) _bill. |
||
| 500 | _aIncludes index and bibliography | ||
| 650 |
_aEducation _91169 |
||
| 650 |
_aSchooling and quality of life _921869 |
||
| 700 |
_aRamachandran, H _921870 |
||
| 942 |
_2ddc _cEN _h570.19346 _mMOO |
||
| 999 |
_c127901 _d127901 |
||